书目信息 |
| 题名: |
应用模糊集方法
|
|
| 作者: | 吴望名 , 陈图云 , 陈永义 , 邹开其 著 | |
| 分册: | ||
| 出版信息: | 北京 北京师范大学出版社 1985 |
|
| 页数: | 307页 | |
| 开本: | 19cm | |
| 丛书名: | ||
| 单 册: | ||
| 中图分类: | O159 | |
| 科图分类: | ||
| 主题词: | 模糊集 | |
| 电子资源: | ||
| ISBN: | ||
| 000 | 00740nam0 2200277 45 | |
| 001 | 0185010137 | |
| 005 | 20040518094747.3 | |
| 010 | @dCNY2.25 | |
| 091 | @a13243.70 | |
| 100 | @a19900816d1985 em y0chiy0121 ea | |
| 101 | 0 | @achi |
| 102 | @aCN@b110000 | |
| 105 | @ay a 001yy | |
| 106 | @ar | |
| 200 | 10 | @a应用模糊集方法@Aying yong mo hu ji fang fa@f吴望名等著 |
| 210 | @a北京@c北京师范大学出版社@d1985 | |
| 215 | @a307页@d19cm | |
| 606 | @a模糊集 | |
| 690 | @aO159@v3 | |
| 701 | 0 | @a吴望名@Awu wang ming@4著 |
| 701 | 0 | @a陈图云@Achen tu yun@4著 |
| 701 | 0 | @a陈永义@Achen yong yi@4著 |
| 701 | 0 | @a邹开其@Azou kai qi@4著 |
| 801 | 0 | @aCN@b深圳图书馆@c20040518 |
| 801 | 2 | @aCN@bNLC@c20040518 |
| 905 | @f1@b169455@dO159@e16 | |
| 应用模糊集方法/吴望名等著.-北京:北京师范大学出版社,1985 |
| 307页;19cm |
| ISBN :CNY2.25 |
| ● |
| 相关链接 |
|
|
|
|
正题名:应用模糊集方法
索取号:O159/16
 
预约/预借
| 序号 | 登录号 | 条形码 | 馆藏地/架位号 | 状态 | 备注 |
| 1 | 0169454 | 001939086 | 第三借阅区/ [索取号:O159/16] | 在馆 | |
| 2 | 0169455 | 000416268 | 第三借阅区/ [索取号:O159/16] | 在馆 | |
| 3 | 0169456 | 000416035 | 第二样本阅览室/ [索取号:O159/16] | 在馆 |